[Event "RUS-chT 32nd"]
[Site "Sochi"]
[Date "2025.05.05"]
[Round "9.4"]
[White "Uskov, Artem"]
[Black "Strybuk, Artsiom I"]
[Result "1/2-1/2"]
[WhiteElo "2489"]
[BlackElo "2433"]
[PlyCount "40"]
[EventDate "2025.04.26"]
[EventType "team-swiss"]
[EventRounds "9"]
[EventCountry "RUS"]
[SourceTitle "CB19_2025"]
[SourceDate "2025.05.07"]
[SourceVersion "1"]
[SourceVersionDate "2025.05.07"]
[SourceQuality "1"]
[WhiteTeam "Moscow Sbornaya"]
[BlackTeam "Belarus"]
[WhiteTeamCountry "RUS"]
[BlackTeamCountry "BLR"]

1. Nf3 c5 2. c4 Nf6 3. Nc3 Nc6 4. g3 d5 5. d4 cxd4 6. Nxd4 dxc4 7. Nxc6 Qxd1+ 8. Nxd1 bxc6 9. Bg2 Nd5 10. Ne3 e6 11. Nxc4 Ba6 12. b3 Bb4+ 13. Bd2 Ke7 14. Rc1 Rhc8 15. Ne5 c5 16. Bxd5 Bxd2+ 17. Kxd2 exd5 18. Rc2 Rc7 19. Rhc1 Kd6 20. Nd3 Bxd3 1/2-1/2

[Event "RUS-chT 32nd"]
[Site "Sochi"]
[Date "2025.04.30"]
[Round "5.3"]
[White "Maslovskiy, Vladimir"]
[Black "Uskov, Artem"]
[Result "0-1"]
[WhiteElo "2370"]
[BlackElo "2489"]
[PlyCount "81"]
[EventDate "2025.04.26"]
[EventType "team-swiss"]
[EventRounds "9"]
[EventCountry "RUS"]
[SourceTitle "CB19_2025"]
[SourceDate "2025.05.07"]
[SourceVersion "1"]
[SourceVersionDate "2025.05.07"]
[SourceQuality "1"]
[WhiteTeam "Moscow Temus Tim"]
[BlackTeam "Moscow Sbornaya"]
[WhiteTeamCountry "RUS"]
[BlackTeamCountry "RUS"]

1. e4 e5 2. Nf3 Nc6 3. Bb5 a6 4. Ba4 Bc5 5. 0-0 Nge7 6. c3 Ng6 7. d4 Ba7 8. Bg5 f6 9. Be3 0-0 10. d5 Nce7 11. Bxa7 Rxa7 12. d6 cxd6 13. Qxd6 b5 14. Bb3+ Kh8 15. a4 Rb7 16. a5 Rc7 17. Nbd2 Rc6 18. Qa3 f5 19. Ng5 d5 20. exd5 Nxd5 21. Ngf3 e4 22. Nd4 Rd6 23. Rad1 Qf6 24. Bc2 Rdd8 25. Rfe1 Qg5 26. g3 Ndf4 27. f3 Bb7 28. Qc5 exf3 29. N2xf3 Nh3+ 30. Kf1 Qh5 31. Re3 Rc8 32. Qb6 Be4 33. Bb3 Bxf3 34. Rxf3 Ne5 35. Qb7 f4 36. g4 Qxg4 37. Rxh3 Qxh3+ 38. Qg2 Qh5 39. Ne6 Ng4 40. Qb7 Qh3+ 41. Ke1 0-1

[Event "RUS-chT 32nd"]
[Site "Sochi"]
[Date "2025.04.26"]
[Round "1.3"]
[White "Uskov, Artem"]
[Black "Prokhorov, Aleksey"]
[Result "1/2-1/2"]
[WhiteElo "2489"]
[BlackElo "2258"]
[PlyCount "80"]
[EventDate "2025.04.26"]
[EventType "team-swiss"]
[EventRounds "9"]
[EventCountry "RUS"]
[SourceTitle "CB19_2025"]
[SourceDate "2025.05.07"]
[SourceVersion "1"]
[SourceVersionDate "2025.05.07"]
[SourceQuality "1"]
[WhiteTeam "Moscow Sbornaya"]
[BlackTeam "Sverdlovsk Region Sima Lend"]
[WhiteTeamCountry "RUS"]
[BlackTeamCountry "RUS"]

1. e4 c5 2. Nf3 d6 3. d4 cxd4 4. Nxd4 Nf6 5. Nc3 a6 6. h3 e5 7. Nb3 Be6 8. f4 g6 9. Be2 Nbd7 10. 0-0 Rc8 11. Be3 Rxc3 12. bxc3 Nxe4 13. Bf3 Nxc3 14. Qd2 Qc7 15. Nd4 Bg7 16. Nxe6 fxe6 17. fxe5 Nxe5 18. Be2 Ne4 19. Qe1 Qc3 20. Qxc3 Nxc3 21. Rae1 Rf8 22. Bd4 Nf3+ 23. Bxf3 Bxd4+ 24. Kh1 e5 25. Bxb7 Rxf1+ 26. Rxf1 a5 27. Rf3 Ke7 28. g4 d5 29. Rxc3 Bxc3 30. Bxd5 Bd4 31. Kg2 h5 32. g5 Bc3 33. h4 Be1 34. Kh3 Bc3 35. a4 Kf8 36. Be4 Kf7 37. Bd5+ Kf8 38. Be4 Kf7 39. Bd5+ Kf8 40. Be4 Kf7 1/2-1/2

[Event "Budapest SixDays 03 GM-A"]
[Site "Budapest"]
[Date "2025.03.28"]
[Round "8"]
[White "Uskov, Artem"]
[Black "Borgaonkar, Akshay"]
[Result "1-0"]
[WhiteElo "2461"]
[BlackElo "2418"]
[PlyCount "71"]
[EventDate "2025.03.24"]
[EventType "tourn"]
[EventRounds "9"]
[EventCountry "HUN"]
[EventCategory "6"]
[SourceTitle "CB14_2025"]
[SourceDate "2024.11.01"]
[SourceVersion "1"]
[SourceVersionDate "2024.11.01"]
[SourceQuality "1"]

1. e4 c5 2. Nf3 e6 3. d4 cxd4 4. Nxd4 Nf6 5. Nc3 Nc6 6. a3 d6 7. Be3 Be7 8. Qe2 e5 9. Nb3 Ng4 10. 0-0-0 Nxe3 11. fxe3 0-0 12. h4 a6 13. Kb1 b5 14. Nd5 Be6 15. g4 Rb8 16. g5 a5 17. Qd2 a4 18. Nc1 Qc8 19. Na2 Bd8 20. Bd3 Qb7 21. c3 Ne7 22. Bc2 Nxd5 23. exd5 Bg4 24. Rdf1 g6 25. Qg2 Qd7 26. Nb4 Bh5 27. Nc6 Rb7 28. Bd1 Bxd1 29. Rxd1 f5 30. gxf6 Bxf6 31. h5 Qf5+ 32. e4 Qg5 33. Qe2 Rg7 34. h6 Rgf7 35. Rdg1 Qf4 36. Rg4 1-0

[Event "Budapest SixDays 03 GM-A"]
[Site "Budapest"]
[Date "2025.03.27"]
[Round "7"]
[White "Aczel, Gergely"]
[Black "Uskov, Artem"]
[Result "1/2-1/2"]
[WhiteElo "2487"]
[BlackElo "2461"]
[PlyCount "43"]
[EventDate "2025.03.24"]
[EventType "tourn"]
[EventRounds "9"]
[EventCountry "HUN"]
[EventCategory "6"]
[SourceTitle "CB14_2025"]
[SourceDate "2024.11.01"]
[SourceVersion "1"]
[SourceVersionDate "2024.11.01"]
[SourceQuality "1"]

1. d4 Nf6 2. c4 e6 3. Nc3 Bb4 4. e3 0-0 5. Bd2 d5 6. Nf3 b6 7. cxd5 exd5 8. Rc1 Bb7 9. Bd3 Be7 10. 0-0 c5 11. dxc5 bxc5 12. Re1 Re8 13. Qb3 Qb6 14. e4 Qxb3 15. axb3 dxe4 16. Nxe4 Nxe4 17. Bxe4 Bxe4 18. Rxe4 Nc6 19. Be3 Rab8 20. Bxc5 Bxc5 21. Rxe8+ Rxe8 22. Rxc5 1/2-1/2

[Event "Budapest SixDays 03 GM-A"]
[Site "Budapest"]
[Date "2025.03.27"]
[Round "6"]
[White "Uskov, Artem"]
[Black "Berczes, David"]
[Result "1/2-1/2"]
[WhiteElo "2461"]
[BlackElo "2408"]
[PlyCount "51"]
[EventDate "2025.03.24"]
[EventType "tourn"]
[EventRounds "9"]
[EventCountry "HUN"]
[EventCategory "6"]
[SourceTitle "CB14_2025"]
[SourceDate "2024.11.01"]
[SourceVersion "1"]
[SourceVersionDate "2024.11.01"]
[SourceQuality "1"]

1. Nf3 d5 2. g3 Nf6 3. Bg2 e6 4. 0-0 Be7 5. d4 0-0 6. c4 c6 7. Nc3 Nbd7 8. Qd3 a5 9. e4 dxe4 10. Nxe4 e5 11. dxe5 Nxe4 12. Qxe4 Nc5 13. Qe3 Qd3 14. b3 Rd8 15. Qxd3 Nxd3 16. Be3 Bg4 17. Rad1 Bc5 18. Bxc5 Nxc5 19. h3 Bxf3 20. Bxf3 Nd3 21. e6 fxe6 22. Be4 Nc5 23. Bc2 Kf7 24. Kg2 h6 25. Kf3 e5 26. Rxd8 1/2-1/2

[Event "Budapest One Week GM-A 03"]
[Site "Budapest"]
[Date "2025.03.21"]
[Round "7"]
[White "Uskov, Artem"]
[Black "Sandoval Mercado, Carlos"]
[Result "1-0"]
[WhiteElo "2461"]
[BlackElo "2383"]
[PlyCount "61"]
[EventDate "2025.03.17"]
[EventType "tourn"]
[EventRounds "9"]
[EventCountry "HUN"]
[EventCategory "6"]
[SourceTitle "CB13_2025"]
[SourceDate "2025.03.26"]
[SourceVersion "1"]
[SourceVersionDate "2025.03.26"]
[SourceQuality "1"]

1. e4 c5 2. Nf3 d6 3. d4 cxd4 4. Nxd4 Nf6 5. Nc3 a6 6. h3 e5 7. Nb3 Be6 8. f4 b5 9. Qf3 Nc6 10. g4 Be7 11. g5 Nd7 12. Nd5 exf4 13. Nxe7 Qxe7 14. Bxf4 Bxb3 15. axb3 Nd4 16. Qg2 Ne5 17. 0-0-0 Ne6 18. Be3 0-0 19. h4 Rfb8 20. Qd2 Nc5 21. Bg2 Rc8 22. Qxd6 Nxb3+ 23. Kb1 Qxd6 24. Rxd6 Na5 25. b3 Nac6 26. Rhd1 Rd8 27. R6d5 Ng6 28. h5 Nf8 29. Rd6 Rxd6 30. Rxd6 Rc8 31. Bh3 1-0

[Event "Budapest One Week GM-A 03"]
[Site "Budapest"]
[Date "2025.03.19"]
[Round "4"]
[White "Uskov, Artem"]
[Black "Tahay, Alexis"]
[Result "1-0"]
[WhiteElo "2461"]
[BlackElo "2397"]
[PlyCount "97"]
[EventDate "2025.03.17"]
[EventType "tourn"]
[EventRounds "9"]
[EventCountry "HUN"]
[EventCategory "6"]
[SourceTitle "CB13_2025"]
[SourceDate "2025.03.26"]
[SourceVersion "1"]
[SourceVersionDate "2025.03.26"]
[SourceQuality "1"]

1. e4 c5 2. Nf3 d6 3. d4 cxd4 4. Nxd4 Nf6 5. Nc3 a6 6. Bg5 e6 7. Qe2 b5 8. 0-0-0 Nbd7 9. f4 b4 10. Nd5 Bb7 11. Nxf6+ gxf6 12. Bh4 Qa5 13. Kb1 0-0-0 14. g3 Be7 15. Bg2 Rhe8 16. Rhe1 Nc5 17. e5 fxe5 18. Nc6 Bxc6 19. Bxc6 Nd7 20. Bxe7 Rxe7 21. Rxd6 Nb8 22. fxe5 Nxc6 23. Rxc6+ Kb7 24. Qe4 Qd5 25. Rd6 Qxe4 26. Rxe4 Rxd6 27. exd6 Rd7 28. Rxb4+ Kc6 29. Ra4 Kb5 30. Rd4 f6 31. c3 e5 32. Rd1 Kc6 33. Kc2 f5 34. b4 Rxd6 35. Rxd6+ Kxd6 36. c4 h5 37. Kd3 Kc6 38. a4 a5 39. bxa5 Kc5 40. Ke2 Kc6 41. h3 Kc5 42. Kf3 Kc6 43. a6 Kb6 44. g4 fxg4+ 45. hxg4 h4 46. g5 h3 47. Kg3 e4 48. Kxh3 e3 49. Kg2 1-0

[Event "Moscow Aeroflot op-A"]
[Site "Moscow"]
[Date "2025.03.05"]
[Round "8"]
[White "Uskov, Artem"]
[Black "Artemiev, Vladislav"]
[Result "0-1"]
[WhiteElo "2461"]
[BlackElo "2688"]
[PlyCount "138"]
[EventDate "2025.03.01"]
[EventType "swiss"]
[EventRounds "9"]
[EventCountry "RUS"]
[SourceTitle "CB11_2025"]
[SourceDate "2025.03.12"]
[SourceVersion "1"]
[SourceVersionDate "2025.03.12"]
[SourceQuality "1"]

1. c4 e5 2. Nc3 Nf6 3. Nf3 Nc6 4. g3 g6 5. Bg2 Bg7 6. 0-0 0-0 7. d3 d6 8. Rb1 Re8 9. b3 Nd4 10. e3 Nxf3+ 11. Bxf3 c6 12. e4 a6 13. a4 a5 14. Bg2 Be6 15. h3 Nd7 16. Kh2 Rf8 17. Ne2 Nc5 18. d4 exd4 19. Nxd4 Bd7 20. Bf4 Be5 21. Be3 Re8 22. Re1 Bg7 23. Bf4 Be5 24. Be3 h5 25. f4 Bg7 26. Bf2 Qc7 27. Nc2 Rad8 28. Qd2 Bc8 29. Re3 Re7 30. Rd1 Rdd7 31. Kg1 Re8 32. Ne1 Rdd8 33. Kh2 Bh6 34. Bf3 h4 35. Ng2 hxg3+ 36. Bxg3 Qd7 37. Bg4 Qe7 38. Bh4 Bxf4+ 39. Nxf4 Qxh4 40. Ng2 Qg5 41. Bxc8 Rxc8 42. Qxa5 Ra8 43. Qb4 Re7 44. Qe1 Rae8 45. b4 Rxe4 46. Rxe4 Rxe4 47. Qf2 Qe5+ 48. Kg1 Nxa4 49. Rf1 Qd4 50. Qxd4 Rxd4 51. Ne3 Nb2 52. Rc1 Rd3 53. Re1 Rc3 54. Ng4 Nxc4 55. Re7 Rxh3 56. Kg2 Rb3 57. Nh6+ Kg7 58. Nxf7 b5 59. Nd8+ Kf6 60. Rf7+ Kg5 61. Nxc6 Ne5 62. Rc7 Nxc6 63. Rxc6 d5 64. Rd6 Rxb4 65. Rxd5+ Kf4 66. Rd8 Rc4 67. Rd3 b4 68. Rf3+ Ke5 69. Rg3 Rc6 0-1

[Event "Moscow Aeroflot op-A"]
[Site "Moscow"]
[Date "2025.03.04"]
[Round "6"]
[White "Zemlyanskii, Ivan"]
[Black "Uskov, Artem"]
[Result "1/2-1/2"]
[WhiteElo "2550"]
[BlackElo "2461"]
[PlyCount "124"]
[EventDate "2025.03.01"]
[EventType "swiss"]
[EventRounds "9"]
[EventCountry "RUS"]
[SourceTitle "CB11_2025"]
[SourceDate "2025.03.12"]
[SourceVersion "1"]
[SourceVersionDate "2025.03.12"]
[SourceQuality "1"]

1. e4 c5 2. Nf3 d6 3. d4 cxd4 4. Nxd4 Nf6 5. Nc3 a6 6. Bg5 Nbd7 7. Be3 h6 8. a4 Nc5 9. Bc4 e5 10. Nde2 Be6 11. Bxe6 Nxe6 12. a5 Rc8 13. 0-0 Be7 14. Ng3 g6 15. Na4 h5 16. Nb6 Rc6 17. f3 0-0 18. Ne2 Nd7 19. Nd5 Bg5 20. Bf2 Rc8 21. Ra4 Kh7 22. Nec3 h4 23. Rb4 Nec5 24. Nb6 Rc6 25. Nc4 h3 26. g3 b5 27. axb6 Nxb6 28. Ne3 a5 29. Rb5 Nc8 30. f4 exf4 31. gxf4 Bxf4 32. Qf3 Qg5+ 33. Kh1 Bxe3 34. Rg1 Qf4 35. Qxh3+ Qh6 36. Qxe3 Qxe3 37. Bxe3 Rb6 38. Rxc5 dxc5 39. Bxc5 Re8 40. Bxb6 Nxb6 41. Rg3 Nc4 42. b3 Na3 43. Nd5 Kg7 44. c4 Rxe4 45. Nc3 Re1+ 46. Kg2 Nc2 47. Rd3 Rc1 48. Kf2 Nb4 49. Re3 Rc2+ 50. Kg3 Nc6 51. Nb5 g5 52. h4 gxh4+ 53. Kxh4 Rc1 54. Nd6 Nd4 55. Rd3 Ne6 56. Kg4 Kg6 57. Rd5 Rg1+ 58. Kf3 Rb1 59. Rxa5 Rxb3+ 60. Ke4 Rc3 61. Rf5 Rc1 62. Rf2 Ng5+ 1/2-1/2

[Event "Budapest FS02 GM"]
[Site "Budapest"]
[Date "2025.02.05"]
[Round "5"]
[White "Uskov, Artem"]
[Black "Girel, Joseph"]
[Result "1/2-1/2"]
[WhiteElo "2440"]
[BlackElo "2484"]
[PlyCount "110"]
[EventDate "2025.02.01"]
[EventType "tourn"]
[EventRounds "9"]
[EventCountry "HUN"]
[EventCategory "7"]
[SourceTitle "CB07_2025"]
[SourceDate "2025.02.12"]
[SourceVersion "1"]
[SourceVersionDate "2025.02.12"]
[SourceQuality "1"]

1. c4 e6 2. Nf3 d5 3. g3 d4 4. Bg2 Nc6 5. 0-0 Nh6 6. e3 Nf5 7. e4 Nfe7 8. e5 d3 9. a3 a5 10. b3 Nf5 11. Bb2 Rb8 12. Nc3 b6 13. Nb5 Bb7 14. Bc3 Bc5 15. Qb1 Ncd4 16. Bxd4 Nxd4 17. Nbxd4 Bxd4 18. Nxd4 Qxd4 19. Bxb7 Rxb7 20. Qe1 b5 21. Rc1 0-0 22. cxb5 Rxb5 23. Rc3 Rd8 24. Qe3 Rxe5 25. Qxd4 Rxd4 26. Rxc7 g5 27. Rd1 g4 28. Kf1 h5 29. Rc3 Re2 30. Rc5 e5 31. Rxa5 Rd6 32. Kg1 Rf6 33. Rf1 Rf5 34. Rd5 Rxd2 35. a4 Kg7 36. a5 Kf6 37. a6 Ra2 38. Rxd3 Rxa6 39. b4 Rb6 40. Rb1 Rf3 41. Rd8 Rb5 42. Kg2 Rc3 43. Rd2 Rc4 44. Rdb2 Ke6 45. h3 f5 46. hxg4 hxg4 47. Rb3 Kd5 48. R3b2 Rd4 49. Kf1 f4 50. gxf4 exf4 51. Kg2 Ke4 52. Re1+ Kf5 53. Re8 Rbxb4 54. Rxb4 Rxb4 55. Rf8+ Ke6 1/2-1/2

[Event "Budapest SixDays 01 GM-A"]
[Site "Budapest"]
[Date "2025.01.29"]
[Round "6"]
[White "Uskov, Artem"]
[Black "Muthaiah, Al"]
[Result "1/2-1/2"]
[WhiteElo "2440"]
[BlackElo "2474"]
[PlyCount "51"]
[EventDate "2025.01.26"]
[EventType "tourn"]
[EventRounds "9"]
[EventCountry "HUN"]
[EventCategory "7"]
[SourceTitle "CB06_2025"]
[SourceDate "2025.02.05"]
[SourceVersion "1"]
[SourceVersionDate "2025.02.05"]
[SourceQuality "1"]

1. e4 c6 2. Nf3 d5 3. d3 Bg4 4. h3 Bh5 5. Qe2 e6 6. g4 Bg6 7. h4 h5 8. Ne5 Ne7 9. Nxg6 Nxg6 10. gxh5 Nxh4 11. Qg4 g5 12. hxg6 Nxg6 13. Rxh8 Nxh8 14. Nc3 Ng6 15. Bd2 Nd7 16. 0-0-0 dxe4 17. dxe4 Qh4 18. Qxh4 Nxh4 19. Be2 e5 20. Bg4 Nf6 21. Bh3 Ng6 22. Be3 Bb4 23. f3 Nf4 24. Bf5 Ke7 25. Bxf4 exf4 26. Ne2 1/2-1/2

[Event "Budapest SixDays 01 GM-A"]
[Site "Budapest"]
[Date "2025.01.28"]
[Round "4"]
[White "Uskov, Artem"]
[Black "Kovalev, Andrei"]
[Result "1/2-1/2"]
[WhiteElo "2440"]
[BlackElo "2413"]
[PlyCount "49"]
[EventDate "2025.01.26"]
[EventType "tourn"]
[EventRounds "9"]
[EventCountry "HUN"]
[EventCategory "7"]
[SourceTitle "CB06_2025"]
[SourceDate "2025.02.05"]
[SourceVersion "1"]
[SourceVersionDate "2025.02.05"]
[SourceQuality "1"]

1. d4 Nf6 2. c4 g6 3. g3 c6 4. Nf3 Bg7 5. Bg2 d5 6. 0-0 0-0 7. Nc3 Ne4 8. Bf4 Nd7 9. Qb3 Nxc3 10. bxc3 Nb6 11. cxd5 cxd5 12. a4 Nc4 13. Nd2 e5 14. dxe5 g5 15. Be3 Nxe3 16. fxe3 Be6 17. Nf3 Qc7 18. Nxg5 Qxe5 19. Nxe6 Qxe3+ 20. Kh1 fxe6 21. Qxb7 Bxc3 22. Rf3 Rxf3 23. Bxf3 Rf8 24. Rf1 Rf7 25. Qb3 1/2-1/2

[Event "Budapest SixDays 01 GM-A"]
[Site "Budapest"]
[Date "2025.01.27"]
[Round "3"]
[White "Vincenti, Leonardo"]
[Black "Uskov, Artem"]
[Result "0-1"]
[WhiteElo "2266"]
[BlackElo "2440"]
[PlyCount "78"]
[EventDate "2025.01.26"]
[EventType "tourn"]
[EventRounds "9"]
[EventCountry "HUN"]
[EventCategory "7"]
[SourceTitle "CB06_2025"]
[SourceDate "2025.02.05"]
[SourceVersion "1"]
[SourceVersionDate "2025.02.05"]
[SourceQuality "1"]

1. e4 c5 2. Nf3 e6 3. d4 cxd4 4. Nxd4 Nc6 5. Nb5 d6 6. c4 Nf6 7. N1c3 a6 8. Nd4 Bd7 9. Be2 Rc8 10. Nxc6 Bxc6 11. Qd4 Qa5 12. f3 Be7 13. Bd2 Qd8 14. Be3 0-0 15. 0-0 d5 16. exd5 exd5 17. cxd5 Nxd5 18. Nxd5 Bxd5 19. Rfd1 Bc5 20. Qxc5 Rxc5 21. Bxc5 Re8 22. Bc4 Re5 23. Bd4 Re7 24. Bxd5 Rd7 25. Bxg7 Kxg7 26. Bb3 Qb6+ 27. Kf1 Qb5+ 28. Kf2 Re7 29. Re1 Re5 30. Rxe5 Qxe5 31. Re1 Qxb2+ 32. Kg3 Qd4 33. Re4 Qd6+ 34. Kh3 b5 35. g3 a5 36. Rf4 a4 37. Bc2 Qe6+ 38. Rg4+ Kh8 39. Kg2 Qxa2 0-1

[Event "Moscow Dvoretsky Memorial Rapid"]
[Site "Moscow"]
[Date "2025.01.12"]
[Round "1.1"]
[White "Malakhov, Vladimir"]
[Black "Uskov, Artem"]
[Result "1-0"]
[WhiteElo "2642"]
[BlackElo "2440"]
[PlyCount "131"]
[EventDate "2025.01.12"]
[EventType "team-match (rapid)"]
[EventRounds "8"]
[EventCountry "RUS"]
[SourceTitle "CB04_2025"]
[SourceDate "2025.01.22"]
[SourceVersion "1"]
[SourceVersionDate "2025.01.22"]
[SourceQuality "1"]
[WhiteTeam "Experience"]
[BlackTeam "Youth"]
[WhiteTeamCountry "RUS"]
[BlackTeamCountry "RUS"]

1. Nf3 d5 2. e3 Nf6 3. c4 e6 4. Nc3 c6 5. b3 Bd6 6. d4 0-0 7. Bd3 Nbd7 8. Bb2 dxc4 9. bxc4 e5 10. 0-0 h6 11. Qc2 Re8 12. h3 Qe7 13. Nd2 Nf8 14. a4 Bc7 15. d5 Qd8 16. Nde4 Nxe4 17. Bxe4 c5 18. Rad1 Bd6 19. Bf5 Bd7 20. Bxd7 Nxd7 21. Ne4 Bf8 22. Bc3 f5 23. Nd2 g6 24. e4 f4 25. Rb1 Rb8 26. Rb3 g5 27. Rfb1 b6 28. Qd1 Nf6 29. a5 Bd6 30. axb6 axb6 31. Ra3 Re7 32. Rba1 h5 33. Ra7 g4 34. h4 Nd7 35. g3 Rf7 36. Qa4 Qe7 37. Qxd7 Qxd7 38. Rxd7 Rxd7 39. gxf4 Re8 40. f5 Bf8 41. Kg2 Rb7 42. f3 Rg7 43. f4 exf4 44. e5 Be7 45. e6 Bxh4 46. Bxg7 Kxg7 47. Ne4 f3+ 48. Kh2 Rf8 49. Ra7+ Kh6 50. e7 Bxe7 51. Rxe7 Rxf5 52. Re6+ Kh7 53. Kg3 f2 54. Nxf2 h4+ 55. Kxh4 Rxf2 56. Kxg4 Rc2 57. Rxb6 Rxc4+ 58. Kf5 Rc1 59. Ke6 c4 60. Rc6 c3 61. d6 c2 62. Kd7 Kg7 63. Kc7 Ra1 64. Rxc2 Ra7+ 65. Kc8 Kf7 66. Rc7+ 1-0

[Event "Moscow Dvoretsky Memorial"]
[Site "Moscow"]
[Date "2025.01.11"]
[Round "4.2"]
[White "Uskov, Artem"]
[Black "Ponkratov, Pavel"]
[Result "0-1"]
[WhiteElo "2440"]
[BlackElo "2555"]
[PlyCount "78"]
[EventDate "2025.01.08"]
[EventType "team-match"]
[EventRounds "4"]
[EventCountry "RUS"]
[SourceTitle "CB04_2025"]
[SourceDate "2025.01.22"]
[SourceVersion "1"]
[SourceVersionDate "2025.01.22"]
[SourceQuality "1"]
[WhiteTeam "Youth"]
[BlackTeam "Experience"]
[WhiteTeamCountry "RUS"]
[BlackTeamCountry "RUS"]

1. e4 e5 2. Nf3 Nc6 3. Bb5 Nf6 4. d3 Bc5 5. c3 0-0 6. 0-0 d6 7. h3 Ne7 8. d4 Bb6 9. Bd3 d5 10. Nbd2 dxe4 11. Nxe4 Nxe4 12. Bxe4 exd4 13. Qc2 h6 14. a4 c5 15. Rd1 Nc6 16. b4 cxb4 17. cxd4 Re8 18. d5 b3 19. Qb1 Na5 20. Bf4 Qf6 21. Bg3 Bd7 22. Re1 b2 23. Ra2 Nc4 24. a5 Bd4 25. Bh7+ Kh8 26. Rxe8+ Rxe8 27. Bd3 Bc3 28. Bxc4 Bf5 29. Rxb2 Bxb1 30. Rxb1 Rc8 31. Bd3 Rd8 32. Bc4 Qe7 33. Rb3 Bb4 34. Be5 Rc8 35. Bf1 Rc1 36. Re3 Qd7 37. Bf4 Rd1 38. g3 Qxd5 39. Kg2 Rxf1 0-1

[Event "Moscow Dvoretsky Memorial"]
[Site "Moscow"]
[Date "2025.01.09"]
[Round "2.3"]
[White "Uskov, Artem"]
[Black "Potkin, Vladimir"]
[Result "1/2-1/2"]
[WhiteElo "2440"]
[BlackElo "2555"]
[PlyCount "82"]
[EventDate "2025.01.08"]
[EventType "team-match"]
[EventRounds "4"]
[EventCountry "RUS"]
[SourceTitle "CB04_2025"]
[SourceDate "2025.01.22"]
[SourceVersion "1"]
[SourceVersionDate "2025.01.22"]
[SourceQuality "1"]
[WhiteTeam "Youth"]
[BlackTeam "Experience"]
[WhiteTeamCountry "RUS"]
[BlackTeamCountry "RUS"]

1. e4 e5 2. Nf3 Nc6 3. Bb5 Nf6 4. d3 Bc5 5. c3 0-0 6. 0-0 d6 7. h3 Ne7 8. d4 Bb6 9. Re1 d5 10. Nxe5 c6 11. Bd3 Nxe4 12. Qc2 Bf5 13. Nd2 f6 14. Nef3 Nxd2 15. Bxd2 Bxd3 16. Qxd3 Qd7 17. Bf4 Rfe8 18. Bh2 Ng6 19. Rxe8+ Rxe8 20. Re1 Kf7 21. Kf1 Bd8 22. Rxe8 Qxe8 23. Qf5 Bb6 24. h4 Ke7 25. h5 Nf8 26. g4 g6 27. hxg6 hxg6 28. Qf4 g5 29. Qf5 Qd8 30. Ne1 Bc7 31. Bxc7 Qxc7 32. Nd3 Qd7 33. Ke2 b6 34. Ke3 Qe6+ 35. Qxe6+ Nxe6 36. f4 Kd6 37. f5 Nf8 38. Nc1 Nd7 39. Nd3 Nf8 40. Ne1 Nd7 41. Nf3 Nf8 1/2-1/2

[Event "Moscow New Year Blitz"]
[Site "Moscow"]
[Date "2024.12.15"]
[Round "14"]
[White "Uskov, Artem"]
[Black "Grischuk, Alexander"]
[Result "0-1"]
[WhiteElo "2430"]
[BlackElo "2689"]
[PlyCount "80"]
[EventDate "2024.12.15"]
[EventType "tourn (blitz)"]
[EventRounds "15"]
[EventCountry "RUS"]
[EventCategory "13"]
[SourceTitle "CB52_2024"]
[SourceDate "2024.12.25"]
[SourceVersion "1"]
[SourceVersionDate "2024.12.25"]
[SourceQuality "1"]

1. Nf3 d5 2. e3 Nf6 3. c4 e6 4. b3 c5 5. Bb2 Nc6 6. cxd5 exd5 7. Bb5 Bd6 8. 0-0 0-0 9. d4 cxd4 10. Nxd4 Bc7 11. Nd2 Nxd4 12. Bxd4 Qd6 13. g3 Bh3 14. Re1 Ba5 15. a3 Bxd2 16. Qxd2 Ne4 17. Qb2 Qg6 18. Be2 h5 19. Bf1 Bxf1 20. Rxf1 Rac8 21. Rac1 a6 22. f3 Ng5 23. Qe2 Qf5 24. Kg2 Rfe8 25. Qf2 Qd3 26. Rfd1 Qxb3 27. Rb1 Qa4 28. Rd2 Qd7 29. h4 Qh3+ 30. Kg1 Qf5 31. Qf1 Nxf3+ 32. Kg2 Qe4 33. Qxf3 Qxb1 34. Qxh5 Rc2 35. Qe2 Rec8 36. Kh3 Qh1+ 37. Kg4 Qe4+ 38. Kh3 Rxd2 39. Qxd2 Rc2 40. Qa5 Qf5+ 0-1

[Event "Moscow New Year Blitz"]
[Site "Moscow"]
[Date "2024.12.15"]
[Round "12"]
[White "Uskov, Artem"]
[Black "Potkin, Vladimir"]
[Result "0-1"]
[WhiteElo "2430"]
[BlackElo "2555"]
[PlyCount "94"]
[EventDate "2024.12.15"]
[EventType "tourn (blitz)"]
[EventRounds "15"]
[EventCountry "RUS"]
[EventCategory "13"]
[SourceTitle "CB52_2024"]
[SourceDate "2024.12.25"]
[SourceVersion "1"]
[SourceVersionDate "2024.12.25"]
[SourceQuality "1"]

1. e4 e6 2. d4 d5 3. Nc3 Nf6 4. Bg5 dxe4 5. Nxe4 Nbd7 6. Nf3 h6 7. Nxf6+ Nxf6 8. Be3 Nd5 9. Bd2 c5 10. c4 Nb6 11. Rc1 Be7 12. dxc5 Bxc5 13. b4 Be7 14. c5 Nd5 15. Bc4 0-0 16. 0-0 a5 17. a3 axb4 18. axb4 b6 19. c6 Nxb4 20. c7 Qxc7 21. Bd5 Qxc1 22. Bxc1 Nxd5 23. Ne5 Ba6 24. Re1 Rac8 25. Qg4 Nf6 26. Qg3 Ne4 27. Qg4 Nf6 28. Qg3 Ne4 29. Qf3 Bb7 30. h3 b5 31. Qg4 Nf6 32. Qg3 Ne4 33. Qb3 b4 34. Qf3 Rc3 35. Qg4 Nf6 36. Qf4 Nd5 37. Qg4 Nf6 38. Qf4 b3 39. Ng4 Rfc8 40. Nxf6+ Bxf6 41. Be3 b2 42. Rb1 R3c4 43. Qd6 Rc1+ 44. Bxc1 Rxc1+ 45. Kh2 Rxb1 46. Qb8+ Kh7 47. Qxb7 Re1 0-1

[Event "Qatar Masters op-A"]
[Site "Doha"]
[Date "2024.12.10"]
[Round "7"]
[White "Uskov, Artem"]
[Black "Harutyunian, Tigran K"]
[Result "1-0"]
[WhiteElo "2430"]
[BlackElo "2524"]
[PlyCount "93"]
[EventDate "2024.12.03"]
[EventType "swiss"]
[EventRounds "9"]
[EventCountry "QAT"]
[SourceTitle "CB51_2024"]
[SourceDate "2024.12.18"]
[SourceVersion "1"]
[SourceVersionDate "2024.12.18"]
[SourceQuality "1"]

1. e4 e5 2. Nf3 Nc6 3. Bb5 a6 4. Ba4 Nf6 5. 0-0 Be7 6. d3 b5 7. Bb3 d6 8. a4 Bd7 9. c3 0-0 10. h3 Na5 11. Bc2 c5 12. Re1 Qc7 13. Bg5 b4 14. cxb4 cxb4 15. d4 h6 16. Bh4 Rfc8 17. Bd3 Qa7 18. Bf1 Nc6 19. d5 Nd4 20. Nxd4 Qxd4 21. Qxd4 exd4 22. Nd2 Nxd5 23. Bxe7 Nxe7 24. Nc4 Rab8 25. Red1 d5 26. exd5 Nxd5 27. Ne5 Be6 28. Bxa6 Rc2 29. a5 b3 30. Bc4 Nb4 31. Bxe6 fxe6 32. Ra4 Rxb2 33. Rxb4 Rxb4 34. Nd3 Ra2 35. Nxb4 Rxa5 36. Rb1 Ra3 37. Kf1 e5 38. Nd3 e4 39. Nc5 d3 40. Nxe4 Ra2 41. f3 d2 42. Rd1 Rc2 43. Nxd2 b2 44. Ke2 Rc1 45. Nb1 Kf7 46. Kd2 Rc6 47. Nc3 1-0